000 00712nam a2200229Ii 4500
003 JO-AjNU
008 230605s9999||||xx |||||||||||||| ||und||
017 _a2014/7/3541
020 _a987-9957-720-87-2
040 _aJO-AjNU
_bara
_erda
_cJO-AjNU
041 _aara
050 1 4 _aDS38.B3288.2015
100 3 _aفهد، بدري محمد ,
_eauthor
_960912
245 0 0 _aتاريخ العرب بين الترقي والتردي، ج2
250 _aط1
264 3 1 _aعمان: زمزم ناشرون وموزعون، 2015
300 _aج2: 372ص
336 _atext
_btxt
_2rdacontent
337 _aunmediated
_bn
_2rdamedia
338 _avolume
_bnc
_2rdacarrier
650 4 _aالعرب- تاريخ
_960913
999 _aA27502
_c31070
_d31070